| 000 | 00447nam a2200169Ia 4500 | ||
|---|---|---|---|
| 008 | 180921t2007 xxu||||| |||| 00| 0 eng d | ||
| 041 | _aeng | ||
| 080 |
_a591.5 (038) VIG _bRC) |
||
| 100 | _aVigallon,S. | ||
| 245 | 4 | _aThe Sinharaja Guide book for Eco -Tourists | |
| 260 |
_bLake House _aColombo _c2007 |
||
| 300 | _aPl,72p., 21 cm | ||
| 650 |
_aForest _aSinharaja |
||
| 942 | _cBK | ||
| 999 |
_c15519 _d15519 |
||
| 003 | LK-CoDNM | ||
| 040 |
_aLK-CoDNM _dLK-CoDNM _eLK-CoDNM |
||